| 000 | 00729nam a22002297a 4500 | ||
|---|---|---|---|
| 003 | 0 | ||
| 005 | 20250115161202.0 | ||
| 008 | 250115b xxu||||| |||| 00| 0 eng d | ||
| 020 | _a978-1509-506070-1 | ||
| 050 |
_aJC 328 _b.L54 2023 |
||
| 100 | _aLievrouw, Leah A. | ||
| 245 |
_aAlternative and activist: new media _cLeah A. Lievrouw |
||
| 250 | _aSecond edition | ||
| 260 |
_aHoboken, New Jersey _bPolity Press _c2023 |
||
| 300 |
_axi, 347 pages ; _c21cm. |
||
| 504 | _aIncludes bibliographical references and index. | ||
| 650 | _aNew media—Social aspects. | ||
| 650 | _aMass media—Political aspects. | ||
| 650 | _aAlternative mass media. | ||
| 650 | _aSocial movements and mass media. | ||
| 942 |
_2lcc _cBK |
||
| 999 |
_c366988 _d366988 |
||